|
|
|
|
| LEADER |
02295nam a2200529 a 4500 |
| 001 |
nkc20132518118 |
| 003 |
CZ PrNK |
| 005 |
20140424102004.0 |
| 007 |
ta |
| 008 |
131111s2013 xr a e c 000 0dcze |
| 020 |
|
|
|a 978-80-87799-06-2
|q (skládanka)
|
| 040 |
|
|
|a ABA001
|b cze
|
| 043 |
|
|
|a e-xr---
|
| 045 |
|
|
|a y1y1
|
| 072 |
|
7 |
|a 72/76
|x Výtvarné umění
|2 Konspekt
|9 21
|
| 080 |
|
|
|a 72/76(437.6)
|2 MRF
|
| 080 |
|
|
|a 72/76(437.3)
|2 MRF
|
| 080 |
|
|
|a 7.036/.038
|2 MRF
|
| 080 |
|
|
|a (437.3)
|2 MRF
|
| 080 |
|
|
|a (083.824)
|2 MRF
|
| 100 |
1 |
|
|a Hoffmeisterová, Xénia,
|d 1958-
|7 jn20000400980
|4 art
|
| 245 |
1 |
0 |
|a Xénia Hoffmeisterová :
|b 15 minut před usnutím : 24.10.-8.12.2013, Alšova jihočeská galerie /
|c [text v katalogu Vlastimil Tetiva]
|
| 246 |
3 |
|
|a Xénia Hoffmeisterová - 15 minut před usnutím
|
| 246 |
3 |
0 |
|a 15 minut před usnutím
|
| 260 |
|
|
|a V Hluboké nad Vltavou :
|b Alšova jihočeská galerie,
|c [2013]
|
| 300 |
|
|
|a 1 složený l. :
|b il. (převážně barev.) ;
|c 21 cm
|
| 500 |
|
|
|a Vydáno ke stejnojmenné výstavě ve Wortnerově domě v Českých Budějovicích
|
| 500 |
|
|
|a Jedna strana je graficky členěna na 3 sloupce textu a ilustrací, druhá je celostránkovým plakátem
|
| 500 |
|
|
|a Životopisná data a zastoupení ve sbírkách
|
| 600 |
1 |
7 |
|a Hoffmeisterová, Xénia,
|d 1958-
|7 jn20000400980
|2 czenas
|
| 648 |
|
7 |
|a 2011-2013
|7 ch967329
|2 czenas
|
| 648 |
|
7 |
|a 21. století
|7 ch460559
|2 czenas
|
| 650 |
0 |
7 |
|a slovenské výtvarné umění
|7 ph125680
|y 21. století
|2 czenas
|
| 650 |
0 |
7 |
|a české výtvarné umění
|7 ph116865
|y 21. století
|2 czenas
|
| 650 |
0 |
7 |
|a moderní umění
|7 ph115340
|z Česko
|2 czenas
|
| 650 |
0 |
9 |
|a Slovak art
|y 21st century
|2 eczenas
|
| 650 |
0 |
9 |
|a Czech art
|y 21st century
|2 eczenas
|
| 650 |
0 |
9 |
|a modern art
|z Czechia
|2 eczenas
|
| 655 |
|
7 |
|a katalogy výstav
|7 fd132536
|2 czenas
|
| 655 |
|
9 |
|a exhibition catalogs
|2 eczenas
|
| 700 |
1 |
|
|a Tetiva, Vlastimil,
|d 1951-
|7 jn20001227066
|4 wfw
|
| 710 |
2 |
|
|a Alšova jihočeská galerie (Hluboká nad Vltavou, Česko).
|b Wortnerův dům (České Budějovice, Česko)
|7 ko20010092004
|
| 910 |
2 |
|
|a BOA001
|b 2-1314.080
|
| 990 |
|
|
|a BK
|
| 995 |
|
|
|a 11
|
| 991 |
|
|
|b 201312
|c NOV
|e n
|
| 996 |
6 |
|
|b 2610568894
|c 2-1314.080
|l MZK
|r Sklad / do 1 hodiny
|n 0
|p p.v.
|w 001380160
|u 000010
|a 1
|e BOA001
|j MZK50
|s P
|